Alle deutschen Conference League Teilnehmer - Statistiken

Allgemein
  • Dieses Quiz wurde 1.613 mal gespielt
    581 seit der letzten Aktualisierung
  • Das Durchschnittsergebnis liegt bei 4 aus 5
Antwortstatistiken
Letzte
Teilnahme
Verein % Korrekt
2025/26 1. FSV Mainz 05
92%
2024/25 1. FC Heidenheim
87%
2021/22 1. FC Union Berlin
84%
2023/24 Eintracht Frankfurt
77%
2022/23 1. FC Köln
61%
Keine übereinstimmenden Quizze gefunden
Verteilung der Resultate
Anzahl Personen mit jedem Resultat
Perzentil nach korrekt beantworteten Fragen
Ihre Resultats-Entwicklung
Sie haben dieses Quiz seit der letzten Aktualisierung nicht gespielt